| 000 | 00680cam a22001937a 4500 | ||
|---|---|---|---|
| 008 | 180718b2011 xxu||||| |||| 00| 0 eng d | ||
| 020 | _a9780230109384 | ||
| 082 | _aDx54 D299i | ||
| 245 |
_aThe India - Pakistan military standoff : crisis and escalation in South Asia _cedited by Zachary S. Davis |
||
| 260 |
_aNew York _bPalgrave _c2011 |
||
| 300 | _a240p. | ||
| 650 | _aPakistan -- Politics and government | ||
| 650 | _aIndia -- Politics and government | ||
| 650 | _aPakistan -- Foreign relations -- India | ||
| 650 | _aIndia -- Foreign relations -- Pakistan | ||
| 650 | _aNuclear weapons -- Pakistan | ||
| 650 | _aNuclear weapons -- India | ||
| 700 | _aDavis, S. Zachary | ||
| 999 |
_c444284 _d444284 |
||